|
|
|
|
| LEADER |
02274nam a22005535i 4500 |
| 001 |
978-3-540-31106-5 |
| 003 |
DE-He213 |
| 005 |
20151204153831.0 |
| 007 |
cr nn 008mamaa |
| 008 |
100301s2006 gw | s |||| 0|eng d |
| 020 |
|
|
|a 9783540311065
|9 978-3-540-31106-5
|
| 024 |
7 |
|
|a 10.1007/3-540-31106-8
|2 doi
|
| 040 |
|
|
|d GrThAP
|
| 050 |
|
4 |
|a TJ807-830
|
| 072 |
|
7 |
|a THX
|2 bicssc
|
| 072 |
|
7 |
|a SCI024000
|2 bisacsh
|
| 082 |
0 |
4 |
|a 621.042
|2 23
|
| 100 |
1 |
|
|a Lange, Matthias.
|e author.
|
| 245 |
1 |
0 |
|a Physical Approach to Short-Term Wind Power Prediction
|h [electronic resource] /
|c by Matthias Lange, Ulrich Focken.
|
| 264 |
|
1 |
|a Berlin, Heidelberg :
|b Springer Berlin Heidelberg,
|c 2006.
|
| 300 |
|
|
|a XII, 208 p.
|b online resource.
|
| 336 |
|
|
|a text
|b txt
|2 rdacontent
|
| 337 |
|
|
|a computer
|b c
|2 rdamedia
|
| 338 |
|
|
|a online resource
|b cr
|2 rdacarrier
|
| 347 |
|
|
|a text file
|b PDF
|2 rda
|
| 505 |
0 |
|
|a Overview of Wind Power Prediction Systems -- Foundations of Physical Prediction Models -- Physical Wind Power Prediction Systems -- Data -- Assessment of the Prediction Accuracy -- Correction of Wind Profiles Due to Thermal Stratification -- Assessment of Wind Speed Dependent Prediction Error -- Relating the Forecast Error to Meteorological Situations -- Smoothing Effects in Regional Power Prediction -- Outlook.
|
| 650 |
|
0 |
|a Engineering.
|
| 650 |
|
0 |
|a Renewable energy resources.
|
| 650 |
|
0 |
|a Atmospheric sciences.
|
| 650 |
|
0 |
|a Continuum physics.
|
| 650 |
|
0 |
|a Power electronics.
|
| 650 |
|
0 |
|a Renewable energy sources.
|
| 650 |
|
0 |
|a Alternate energy sources.
|
| 650 |
|
0 |
|a Green energy industries.
|
| 650 |
|
0 |
|a Environmental sciences.
|
| 650 |
1 |
4 |
|a Engineering.
|
| 650 |
2 |
4 |
|a Renewable and Green Energy.
|
| 650 |
2 |
4 |
|a Power Electronics, Electrical Machines and Networks.
|
| 650 |
2 |
4 |
|a Atmospheric Sciences.
|
| 650 |
2 |
4 |
|a Classical Continuum Physics.
|
| 650 |
2 |
4 |
|a Environmental Physics.
|
| 650 |
2 |
4 |
|a Renewable and Green Energy.
|
| 700 |
1 |
|
|a Focken, Ulrich.
|e author.
|
| 710 |
2 |
|
|a SpringerLink (Online service)
|
| 773 |
0 |
|
|t Springer eBooks
|
| 776 |
0 |
8 |
|i Printed edition:
|z 9783540256625
|
| 856 |
4 |
0 |
|u http://dx.doi.org/10.1007/3-540-31106-8
|z Full Text via HEAL-Link
|
| 912 |
|
|
|a ZDB-2-ENG
|
| 950 |
|
|
|a Engineering (Springer-11647)
|